| 000 | 01488cam a22001694a 4500 | ||
|---|---|---|---|
| 005 | 20250605163511.0 | ||
| 008 | 250528s ||||||||||||||||||||||||d | ||
| 035 | _a20557 | ||
| 040 |
_aGR-AtMCL _bgre _dGR-AtMCL _eAACR2 |
||
| 245 | 1 | _aWindows Vista - Office 2007 / Part B | |
| 260 |
_bΔημοσιογραφικός Οργανισμός Λαμπράκη, _c2006 |
||
| 300 | _a314 | ||
| 520 | _aΗ απαραίτητη επτάτομη βιβλιοθήκη κάθε σύγχρονου χρήστη PC. Κανάλια Επικοινωνίας, Νέοι Ορίζοντες στη Δικτύωση, Internet για Όλους, Δικτυωθείτε και Μοιραστείτε, Χώρος Συνάντησης και Συνεργασίας, Απομακρυσμένη Διαχείριση, Δικλίδες Ασφαλείας, Κέντρο Ασφαλείας, Κέντρο Ασφαλείας με Θέα, Αποτελεσματική Διπρόσωπη Προστασία, Γενναίος Υποστηρικτής για τα Vista, Λογαριασμοί Χρήστη και Έλεγχος, Γονικός Έλεγχος, Επικοινωνία στη Νέα Εποχή, Πλοήγηση με τους Εναλλακτικούς, Το Ταχυδρομείο των Vista, Ο Άλλος Ταχυδρόμος, Ζωηρός Αγγελιοφόρος, Τεχνολογίες Δικτύωσης, Ασφάλεια από Μέσα. | ||
| 942 | _cBK | ||
| 999 |
_c5654 _d5654 |
||